000 00287cam a22001097a 4500
008 180718b1970 xxu||||| |||| 00| 0 eng d
082 _aQ436x42 Un3
245 _aAdoption of children
_cBy HMSO
260 _aLondon
_bHMSO
_c1970
300 _aviii,113p.
650 _aAdoption -- Great Britain
999 _c413953
_d413953